00688nam a2200193 4500999001900000005001700019010001300036020002600049035001300075037003100088082001100119100001800130245004500148260004200193270006500235300002100300942002500321952014800346 c182205d18220520211109164700.0 aB-741836 a9789381431481c199.00 aB-741836 bHey House Publishers /Gift a813.54 aChopra,Deepak aThe daughters of joy /cby Deepak Chopra aNew DelhibHey House Publishersc2012 aMuskan Complex,Plot No.3,B-2 Vasant Kunj,bNew Delhie110070 a237p.c20cm(pbk) 2ddccENmCHOh813.54 001040708NFICaBNbBNd2021-11-09eEng/Gift/8.11.2021g199.00l0o813.54 CHOpB-741836r2021-11-09 00:00:00t1v199.00w2021-11-09yENzGift